<?xml version="1.0" encoding="UTF-8"?>
<record
    xmlns:xsi="http://www.w3.org/2001/XMLSchema-instance"
    xsi:schemaLocation="http://www.loc.gov/MARC21/slim http://www.loc.gov/standards/marcxml/schema/MARC21slim.xsd"
    xmlns="http://www.loc.gov/MARC21/slim">

  <leader>00663nam a22002417a 4500</leader>
  <controlfield tag="003">UA-OsUOA</controlfield>
  <controlfield tag="001"> 29956 </controlfield>
  <controlfield tag="007">ta</controlfield>
  <controlfield tag="008">20041102b un ||||| |||| 00| 0 ukr d</controlfield>
  <datafield tag="100" ind1=" " ind2=" ">
    <subfield code="a">&#x41A;&#x440;&#x430;&#x432;&#x446;&#x43E;&#x432; &#x41B;&#x430;&#x432;&#x440;&#x435;&#x43D;&#x442;&#x456;&#x439;</subfield>
  </datafield>
  <datafield tag="090" ind1=" " ind2=" ">
    <subfield code="a">908(477.81)</subfield>
    <subfield code="b">&#x41A;78</subfield>
  </datafield>
  <datafield tag="942" ind1=" " ind2=" ">
    <subfield code="c">BK</subfield>
  </datafield>
  <datafield tag="040" ind1=" " ind2=" ">
    <subfield code="a">UA-OsUOA</subfield>
    <subfield code="b">ukr</subfield>
    <subfield code="c">UA-OsUOA</subfield>
    <subfield code="d">UA-OsUOA</subfield>
  </datafield>
  <datafield tag="245" ind1=" " ind2=" ">
    <subfield code="a">&#x421;&#x432;&#x456;&#x434;&#x43A;&#x438; &#x43D;&#x430;&#x440;&#x43E;&#x434;&#x43D;&#x43E;&#x457; &#x432;&#x435;&#x43B;&#x438;&#x447;&#x456;</subfield>
    <subfield code="c">&#x41B;. &#x41A;&#x440;&#x430;&#x432;&#x446;&#x43E;&#x432;; &#x420;&#x435;&#x434;. &#x41E;. &#x446;&#x456;&#x440;&#x43E;&#x445;&#x420;&#x435;&#x434;. &#x41E;.&#x446;&#x456;&#x440;&#x43E;&#x445;</subfield>
  </datafield>
  <datafield tag="300" ind1=" " ind2=" ">
    <subfield code="a">68 &#x441;.</subfield>
    <subfield code="b">&#x406;&#x43B;&#x44E;&#x441;&#x442;&#x440;&#x430;&#x446;&#x456;&#x457;</subfield>
  </datafield>
  <datafield tag="955" ind1=" " ind2=" ">
    <subfield code="a">0</subfield>
  </datafield>
  <datafield tag="041" ind1=" " ind2=" ">
    <subfield code="a">ukr</subfield>
  </datafield>
  <datafield tag="080" ind1=" " ind2=" ">
    <subfield code="a">908(477.81)</subfield>
  </datafield>
  <datafield tag="260" ind1=" " ind2=" ">
    <subfield code="a">&#x41B;&#x44C;&#x432;&#x456;&#x432;</subfield>
    <subfield code="b">&#x41A;&#x430;&#x43C;&#x435;&#x43D;&#x44F;&#x440;</subfield>
    <subfield code="c">1972</subfield>
  </datafield>
  <datafield tag="044" ind1=" " ind2=" ">
    <subfield code="a">UA</subfield>
  </datafield>
  <datafield tag="650" ind1=" " ind2="7">
    <subfield code="2">UDC</subfield>
  </datafield>
  <datafield tag="999" ind1=" " ind2=" ">
    <subfield code="c">316356</subfield>
    <subfield code="d">316356</subfield>
  </datafield>
  <datafield tag="952" ind1=" " ind2=" ">
    <subfield code="0">0</subfield>
    <subfield code="1">0</subfield>
    <subfield code="2">udc</subfield>
    <subfield code="4">0</subfield>
    <subfield code="7">0</subfield>
    <subfield code="a">102</subfield>
    <subfield code="b">102</subfield>
    <subfield code="d">2004-11-02</subfield>
    <subfield code="g">3.00</subfield>
    <subfield code="i">72072</subfield>
    <subfield code="l">0</subfield>
    <subfield code="o">908(477.81) &#x41A;78</subfield>
    <subfield code="p">72072</subfield>
    <subfield code="r">2022-02-07 00:00:00</subfield>
    <subfield code="w">2004-11-02</subfield>
    <subfield code="y">BK</subfield>
  </datafield>
  <datafield tag="952" ind1=" " ind2=" ">
    <subfield code="0">0</subfield>
    <subfield code="1">0</subfield>
    <subfield code="2">udc</subfield>
    <subfield code="4">0</subfield>
    <subfield code="7">0</subfield>
    <subfield code="a">102</subfield>
    <subfield code="b">102</subfield>
    <subfield code="d">2004-11-02</subfield>
    <subfield code="g">1.00</subfield>
    <subfield code="i">72073</subfield>
    <subfield code="l">0</subfield>
    <subfield code="o">908(477.81) &#x41A;78</subfield>
    <subfield code="p">72073</subfield>
    <subfield code="r">2022-02-07 00:00:00</subfield>
    <subfield code="w">2004-11-02</subfield>
    <subfield code="y">BK</subfield>
  </datafield>
</record>
